[Event "25th Troya Open 2017"]
[Site "Canakkale"]
[Date "2017.08.12"]
[Round "9.1"]
[White "Savchenko, Boris"]
[Black "Aliyev, Elnur"]
[Result "1-0"]
[WhiteElo "2602"]
[BlackElo "2150"]
[Annotator "TA"]
[PlyCount "71"]
[EventCountry "TUR"]
[SourceTitle "playchess.com"]
[Source "ChessBase"]
[SourceQuality "1"]

{[%evp 17,71,16,26,0,0,-33,0,7,20,10,7,9,29,37,26,30,77,45,58,38,56,42,44,-227,-224,-212,-205,-208,-216,-216,-210,-298,-228,-257,-245,-239,-77,-113,0,0,0,0,0,-79,0,0,0,0,0,0,43,39,5173,3050,29995,29996]} 1. e4 e5 2. Nf3 Nc6 3. Bc4 Bc5 4. d3 Nf6 5. c3 d6 6. Nbd2 a6 7. a4 {C54: Giuoco Piano: 4 c3 Nf6, main lines with 5 d4 and 5 d3} O-O 8. O-O Ba7 9. h3 Ne7 {LiveBook: 18 Games} (9... h6 10. Re1 Re8 11. b4 Be6 12. Bxe6 Rxe6 13. Qc2 Ne7 14. Nf1 Ng6 {1-0 (86) Karjakin,S (2781)-Carlsen,M (2832) Paris 2017}) 10. Ba2 $146 ({Predecessor:} 10. Re1 Ng6 11. d4 c6 12. Bf1 Be6 13. a5 exd4 14. cxd4 Re8 15. Ra4 h6 16. Qc2 Qd7 17. b3 Rac8 18. e5 {½-½ (54) Fedoseev,V (2703)-Kravtsiv,M (2653) Khanty-Mansiysk 2017}) 10... Ng6 11. Re1 c6 (11... Bxh3 $5 12. gxh3 Nf4 $11) 12. a5 Be6 13. Bxe6 fxe6 14. Nc4 Nh5 15. Be3 Bxe3 16. Rxe3 Nhf4 17. Kh2 Qf6 18. g3 d5 19. Nb6 $1 {[%cal Rb6d7] aiming for Nd7.} Rad8 $1 {White must now prevent ...Nh5.} ({Of course not} 19... d4 20. Nd7 $16) 20. gxf4 $4 {[%mdl 8192]} (20. Nd2 $1 $14 {keeps the upper hand.}) 20... Qxf4+ 21. Kh1 {[#]} d4 $1 {[%cal Rd4e3]} 22. cxd4 exd4 23. Nxd4 Rxd4 24. Rg3 (24. Nc4 $142) 24... Qxf2 25. Qg4 Kh8 ({Don't do} 25... Qxb2 26. Qxe6+ Kh8 27. Rag1 $17) 26. Rag1 Qxb2 $2 (26... Qc2 $19 {and Black stays clearly on top.} 27. Qxe6 Rxd3) 27. Nc4 $17 {[#]} Qb5 (27... Qb4 $1 $17 {And now ...Qe7 would win.} 28. Ne5 Rf6) 28. Qxe6 $11 Rf6 (28... Rxc4 $5 29. Qxc4 Qxa5 $11) 29. Qc8+ Rf8 30. Qc7 {[#]} (30. Qe6 $1 $11) 30... Rxd3 $1 {[%mdl 512]} 31. Rxd3 $40 {[%mdl 128] Strongly threatening Rd8. White is up to no good.} Qxc4 32. Re3 Qd4 33. Qg3 Rf4 34. e5 Re4 $2 {[%mdl 8192]} (34... Qd5+ $14 35. Kh2 Qe6) 35. Rd3 $18 Qxe5 36. Qxe5 {Precision: White = 40%, Black = 30%.} 1-0

[Event "25th Troya Open 2017"]
[Site "Canakkale"]
[Date "2017.08.12"]
[Round "9.2"]
[White "Rzayev, Askar Aliakbar"]
[Black "Rasulov, Vugar"]
[Result "0-1"]
[WhiteElo "2072"]
[BlackElo "2509"]
[Annotator "TA"]
[PlyCount "54"]
[EventCountry "TUR"]
[SourceTitle "playchess.com"]
[Source "ChessBase"]
[SourceQuality "1"]

{[%evp 15,54,83,92,77,100,100,108,102,106,100,134,108,120,105,142,87,108,39,49,0,54,-27,-44,-147,-140,-119,-120,-116,-67,-83,-46,-70,-60,-346,0,14,9,14,17,-779,-589]} 1. d4 c5 2. d5 d6 3. c4 e5 4. e4 Nf6 5. Nc3 Be7 6. Nf3 O-O 7. Be2 a6 8. O-O Nbd7 {LiveBook: 22 Games} 9. h3 {A56: Czech Benoni} (9. a3 Ne8 10. b4 b6 11. Rb1 g6 12. Bh6 Ng7 13. Qd2 Nf6 14. Ne1 Kh8 15. Nd3 Ng8 16. Be3 f5 17. f3 {1-0 (49) So,W (2668)-Flores,D (2615) Khanty-Mansiysk 2010}) 9... Ne8 10. a3 g6 11. Bh6 {White is better.} Ng7 12. Rb1 $146 ({Find the theoretical novelty and annotate with similar games:} 12. Qd2 Kh8 13. b4 b6 14. Ne1 {0-1 (40) Toth,B (2395)-Syska,A (2300) Germany 1997}) 12... b6 13. b4 f5 14. Qd2 Nf6 {[%cal Bd7f6,Bf6h5,Bh5f4][%mdl 32]} 15. Bd3 ({Better is} 15. exf5 Bxf5 16. Rb3) 15... Nfh5 16. Ng5 (16. bxc5 $16 bxc5 17. Bc2) 16... Nf4 $14 17. Nf3 g5 (17... Nfh5 $11) 18. Bc2 (18. bxc5 $14 bxc5 19. Nh2) 18... g4 $11 19. hxg4 (19. Nh2 $15) 19... fxg4 $17 20. Nh2 Bg5 21. Bxg5 Qxg5 22. Kh1 $1 Qh5 23. bxc5 bxc5 24. Rb6 $2 {[%mdl 8192] [#]} (24. Ne2 $1 $15) 24... Ra7 $2 $40 {[%mdl 128] Black has some attack.} ({Black should try} 24... Rf6 $1 $19 {[%cal Rf6h6] ( -> ...Rh6)} 25. Qe3 {[#]} Nxg2 $1 {[%mdl 512]}) 25. Rxd6 $11 Raf7 $1 26. Rc6 {Black must now prevent Bd1.} Bd7 27. Rxc5 $2 {[%mdl 8192] [#]} (27. Bd1 $11) 27... Nxg2 $1 {[%mdl 512] Precision: White = 24%, Black = 27%.} 0-1

[Event "25th Troya Open 2017"]
[Site "Canakkale"]
[Date "2017.08.12"]
[Round "9.3"]
[White "Benidze, Davit"]
[Black "Rahmanov, Shahriyar"]
[Result "1-0"]
[WhiteElo "2476"]
[BlackElo "2327"]
[Annotator "TA"]
[PlyCount "95"]
[EventCountry "TUR"]
[SourceTitle "playchess.com"]
[Source "ChessBase"]
[SourceQuality "1"]

{[%evp 23,95,65,92,42,32,33,46,-6,0,-18,22,0,0,0,0,15,27,0,40,0,18,24,34,42,22,26,131,136,130,135,176,176,176,176,176,81,377,358,505,510,486,495,479,457,29986,412,396,267,507,456,1070,1062,12839,12839,29987,6454,29993,6116,5239,2220,2260,1303,2098,2039,1867,2012,12837,12837,12838,12838,12839,12839,12839,12840]} 1. d4 Nf6 2. c4 c5 3. d5 e6 4. Nc3 exd5 5. cxd5 d6 6. Nf3 a6 7. a4 g6 8. Bf4 Bg7 9. e3 O-O {A61: Modern Benoni: Nf3 without early e4} 10. Be2 (10. h3 Re8 11. Be2 Ne4 12. Nxe4 Rxe4 13. Nd2 Rb4 14. O-O Qf6 15. Bd3 Bf5 16. Nc4 Nd7 17. Ra3 Be4 18. Be2 {1-0 (72) Cori Tello,J (2602)-Cordova,E (2602) Montcada 2016}) 10... Nh5 11. Bg5 f6 12. Bh4 g5 {LiveBook: 3 Games} 13. Nd2 gxh4 14. Bxh5 Nd7 15. Nf3 $146 (15. Ne2 $14) ({Predecessor:} 15. O-O f5 16. Nc4 Ne5 17. Nxe5 Bxe5 {0-1 (31) Blanco,C (2385)-Ismagambetov,A (2476) Moscow 2012}) 15... f5 $11 16. g3 h3 17. Nd2 Ne5 18. Be2 Bd7 19. O-O b6 20. Re1 Qc7 (20... b5 $5) 21. Nc4 (21. Qb3 {is interesting.} b5 22. axb5 axb5 23. Nxb5 Qb6 24. Rxa8 Rxa8 25. Nd4) 21... b5 22. Nxe5 Bxe5 23. axb5 axb5 24. Nxb5 Bxb5 (24... Rxa1 $11 25. Nxc7 Rxd1 26. Rxd1 Rb8) 25. Rxa8 $16 Rxa8 26. Bxb5 Qb6 27. Bd3 Qxb2 28. Bxf5 Ra1 29. Bb1 (29. Be6+ $18 {has better winning chances.} Kf8 30. Qxa1 Qxa1 31. Rxa1 Bxa1 32. f4 (32. Bxh3 Ke7 $18)) 29... c4 $2 {[%mdl 8192]} (29... h5 $16) 30. Qg4+ $18 Kh8 (30... Kf8 $142 31. Qxh3 c3 32. Qc8+ (32. Qxh7 c2 $17) 32... Ke7 33. Qc7+ Kf8 34. Qd8+ (34. Qxh7 c2 $17) 34... Kf7 35. Qd7+ Kf8) 31. Qf5 {[%csl Gb1][%cal Rf5h7] [#]} Kg7 32. Qxh7+ Kf8 33. Qxh3 c3 (33... Qd2 $18) 34. Qf5+ (34. Qc8+ $142 Ke7 35. Qc7+ Kf6 36. Qd8+ Kf7 37. Qd7+ Kf6 38. Qe6+ Kg7 39. Qe7+ Kg8 40. Bh7+ Kh8 {[#]} 41. Bf5 $3 {[%mdl 512]}) 34... Ke7 {Black wants to play ...c2.} 35. Rf1 Kd8 $2 (35... Rxb1 36. Qxb1 c2) 36. Kg2 Qb3 (36... Qb7 $142 37. h4 Qe7) 37. Bc2 Qxd5+ 38. Be4 Qa2 39. Qf8+ (39. Bc6 $142 Ke7 40. Qd7+ Kf6 41. Qd8+ Ke6 42. e4 Kf7 43. Bd5+ Qxd5 44. exd5) 39... Kd7 40. Bf5+ (40. Rxa1 $142 Qxa1 41. Qf7+ Kc8 42. Qb7+ Kd8 43. Bc6 Qa7 44. Qxa7 Kc8 45. Qd7+ Kb8 46. Qb7#) 40... Kc7 {White is clearly winning.} 41. Qc8+ (41. Qe7+ $142 Kb6 42. Qd8+ Kc5 43. Qc7+ Kb4 44. Qb6+ Kc4 45. Be6+ d5 46. Qb7) 41... Kb6 42. Qb8+ Kc5 43. Qc7+ Kb4 44. Qb6+ Kc4 45. Be6+ d5 46. Qc6+ Kd3 47. Rxa1 Qxa1 48. Qxd5+ {Precision: White = 41%, Black = 23%.} 1-0

[Event "25th Troya Open 2017"]
[Site "Canakkale"]
[Date "2017.08.12"]
[Round "9.4"]
[White "Guseynov, Alihan"]
[Black "Alaz, Ahmet Efekan"]
[Result "1/2-1/2"]
[WhiteElo "2399"]
[BlackElo "2048"]
[Annotator "TA"]
[PlyCount "40"]
[EventCountry "TUR"]
[SourceTitle "playchess.com"]
[Source "ChessBase"]
[SourceQuality "1"]

{[%evp 23,40,26,43,10,7,0,49,-28,-30,-36,-35,-91,-94,-89,-83,-93,-79,-105,-105]} 1. c4 c5 2. Nf3 b6 3. d4 cxd4 4. Nxd4 Bb7 5. Nc3 Nf6 6. f3 d6 7. e4 Nbd7 8. Be2 e6 9. O-O a6 10. Be3 Be7 11. Qd2 O-O 12. Rfc1 {A31: Symmetrical English: 2 Nf3 Nf6 3 d4} (12. Rac1 Rc8 13. Rfd1 Qc7 14. Kh1 Qb8 15. b4 Rfe8 16. Bf1 Bd8 17. Bg1 Kh8 18. Na4 Bc7 19. Rc2 h6 20. c5 b5 21. c6 bxa4 {1-0 (42) Bu,X (2697)-Jumabayev,R (2625) Chengdu 2017}) 12... Rc8 {LiveBook: 15 Games} 13. a4 Ne5 {[%cal Bd7e5,Be5c6,Bc6d4][%mdl 32]} 14. b3 {The position is equal.} Qc7 15. a5 ({Better is} 15. Nd1 $14) 15... bxa5 $11 16. Na4 $146 ({Predecessor:} 16. Qa2 Bd8 17. Na4 Ned7 18. c5 dxc5 19. Nc2 Qb8 {0-1 (39) Tavragov,R (1793)-Tukhvatullin,V (2293) Ufa 2012}) 16... Nfd7 17. f4 (17. Bd1 $15) 17... Nc6 $17 {Black is better.} 18. Bf3 Bf6 19. Rd1 Rfd8 20. Rac1 Nxd4 1/2-1/2

[Event "25th Troya Open 2017"]
[Site "Canakkale"]
[Date "2017.08.12"]
[Round "9.5"]
[White "Karaahmetoglu, Ege"]
[Black "Sevgi, Volkan"]
[Result "0-1"]
[WhiteElo "2103"]
[BlackElo "2213"]
[Annotator "TA"]
[PlyCount "66"]
[EventCountry "TUR"]
[SourceTitle "playchess.com"]
[Source "ChessBase"]
[SourceQuality "1"]

{[%evp 13,66,37,41,17,28,20,14,12,56,-64,-60,-50,-53,-50,-19,-26,-18,-108,-95,-166,-168,-186,-168,-230,-203,-152,-157,-195,-189,-336,-343,-339,-347,-442,-443,-502,-510,-506,-429,-438,-427,-453,-440,-478,-469,-467,-471,-594,-591,-623,-618,-746,-493,-492,-491]} 1. e4 c6 2. d4 d5 3. Nc3 g6 4. h3 Bg7 5. Nf3 Nh6 6. Be2 O-O 7. O-O f6 {LiveBook: 46 Games} 8. b3 {next exd5 is good for White. B15: Caro-Kann: 3 Nc3: 3...g6 and 3...dxe4 4 Nxe4 Nf6 5 Nxf6+ exf6} (8. Re1 Nf7 9. Bf1 e6 {½-½ (9) Szabo,G (2532)-Mateuta,G (2511) Mamaia 2012}) 8... Nf7 9. Bb2 Re8 10. Re1 {The position is equal.} e5 {[%cal Be7e5,Be5e4][%mdl 32]} 11. exd5 $146 ({White should play} 11. dxe5 $1 $14 fxe5 12. exd5) ({Predecessor:} 11. Bf1 dxe4 12. Nxe4 f5 13. Ng3 e4 14. Ne5 Nxe5 15. dxe5 Qxd1 16. Raxd1 {1-0 (49) Mazurchak,B (2075)-Bidkov,A (2132) Bila Tserkva 2006}) 11... e4 $15 12. Nh2 cxd5 13. Na4 Nd6 14. c4 Be6 15. Ba3 {[#]} (15. Nf1 $11 {remains equal.}) 15... f5 $1 $17 16. Bxd6 (16. Rc1 $17) 16... Qxd6 $19 17. Nc5 {[#]} Bf7 $1 18. Nxb7 (18. cxd5 {was necessary.} Bxd5 19. Rc1) 18... Qb6 19. Nc5 Nc6 $36 {[%mdl 2048] Black is on the roll.} 20. Na4 Qxd4 {aiming for ...e3.} 21. Rc1 (21. cxd5 $142 Qxa1 22. Qxa1 Bxa1 23. dxc6) 21... Qxd1 22. Rexd1 d4 23. c5 d3 {Black is clearly winning.} 24. Bxd3 exd3 25. Rxd3 Rad8 26. Rd6 Nd4 27. Rxd8 Rxd8 28. Kf1 Be8 {White must now prevent ...Bb5+.} 29. Nc3 a5 30. f4 Ne6 31. Ne2 Bb5 32. a4 Bxe2+ 33. Kxe2 Nd4+ {Precision: White = 33%, Black = 81%.} 0-1

[Event "25th Troya Open 2017"]
[Site "Canakkale"]
[Date "2017.08.12"]
[Round "9.6"]
[White "Tarlabasi, Emirhan"]
[Black "Grigoriev, Armen"]
[Result "0-1"]
[WhiteElo "2036"]
[BlackElo "2160"]
[Annotator "TA"]
[PlyCount "140"]
[EventCountry "TUR"]
[SourceTitle "playchess.com"]
[Source "ChessBase"]
[SourceQuality "1"]

{[%evp 18,140,0,-22,54,68,59,66,73,82,142,103,104,0,101,90,113,116,147,127,127,117,143,123,138,78,111,83,102,68,74,50,80,0,0,0,0,0,0,-27,0,-181,-185,-141,-85,-85,-81,-81,-29,-42,-27,-59,-62,-177,-107,-234,-17,-163,-59,-68,-20,-68,-20,-64,-67,-109,-80,-79,-79,-197,-206,-215,-212,-261,-239,-336,-230,-472,-471,-462,-446,-643,-609,-581,-539,-623,-596,-960,-977,-928,-922,-874,-833,-1108,-1041,-1309,-1258,-12835,-12835,-12836,-12836,-5701,-3495,-12838,-12835,-12835,-12835,-12840,-12840,-12844,-12843,-29985,-29986,-29986,-29987,-29987,-29988,-29990,-29987,-29987,-29988,-29988,-29989,-29989,-12849]} 1. d4 Nf6 2. c4 e6 3. Nf3 Bb4+ 4. Nbd2 d5 5. e3 O-O 6. Bd3 b6 7. O-O Bb7 8. a3 Be7 9. Qc2 Nbd7 {E14: Queen's Indian: Classical Variation (4 e3)} 10. e4 {LiveBook: 5 Games} dxc4 $146 (10... dxe4 $11 11. Nxe4 c5) ({Predecessor:} 10... dxe4 11. Nxe4 c5 12. dxc5 Bxe4 13. Bxe4 Nxe4 14. Qxe4 Nxc5 15. Qe3 Rc8 16. Bd2 {½-½ (57) Mueller,O (2311)-Hernandez Guerrero,G (2540) Khanty-Mansiysk 2010}) 11. Nxc4 $14 h6 {White is slightly better.} 12. e5 Nd5 13. Qe2 {Strongly threatening Qe4.} Rb8 (13... Re8 $142) 14. Qe4 {[%csl Gd3][%cal Re4h7]} N5f6 15. Qe2 (15. Qh4 $16) 15... Nh7 (15... Nd5 $1 $11 {remains equal.}) 16. Qc2 f5 17. exf6 $1 Ndxf6 18. Nce5 Bd6 19. Be3 Rc8 20. Rad1 Bd5 21. Qb1 (21. b4 $142) 21... c6 22. Nh4 Re8 23. Nhg6 Nf8 24. Nf4 Qc7 25. Nfg6 (25. Nxd5 $16 Nxd5 26. Nf3) 25... Nxg6 26. Bxg6 Rf8 ({Don't play} 26... Bxe5 27. dxe5 Qxe5 28. Bxe8 $16) 27. f4 c5 28. h3 Qb7 29. g4 $2 (29. dxc5 $11 {and White has nothing to worry.} bxc5 30. Rd2) 29... Bg2 $19 30. Rf2 Be4 (30... Bxh3 $142 {Threatens to win with ...Bxe5.} 31. g5 Nd5 32. Bh7+ Kh8 33. Ng6+ Kxh7 34. Nxf8+ Kg8 35. Qh7+ Kxf8 36. gxh6 Qf7 37. dxc5 Nxe3 38. Rxd6 Bf5 39. Qh8+ Ke7 40. hxg7 (40. Qxc8 {leads to mate.} Qg6+ 41. Kh2 Qh5+ 42. Kg1 Qg4+ 43. Kh2 Qh3+ 44. Kg1 Qg3+ 45. Kh1 Be4+ 46. Rg2 Qxg2#) 40... Qg6+ 41. Kh2 Qh7+ 42. Qxh7 Bxh7) 31. Bxe4 $17 Nxe4 32. Rg2 Bxe5 (32... c4 $17) 33. dxe5 $11 Rcd8 34. Rxd8 Rxd8 35. g5 ({White should play} 35. Qf1 $15) 35... h5 (35... hxg5 $19 36. Qc2 Qd5) 36. g6 (36. Kh2 $17) 36... Qd5 $2 ({Better is} 36... h4 $1 $19 {Hoping for ...Ng3.} 37. f5 Ng3) 37. Qf1 (37. Kh2 $1 $11) 37... Qd1 (37... h4 $1 $19 {aiming for ...Ng3.} 38. Qf3 Qd1+ 39. Qxd1 Rxd1+ 40. Kh2 Ng3) 38. Qxd1 $15 Rxd1+ {[%mdl 4096] Endgame KRB-KRN} 39. Kh2 Kf8 40. Rc2 Rd3 41. Re2 Ke7 42. h4 Kd7 43. Kg2 (43. f5 $17 {might work better.} exf5 44. Bh6 $1 {[%mdl 512]}) 43... Kc6 $19 44. Kf3 Kd5 45. Rg2 Rd1 46. Rc2 (46. Rh2 $142) 46... c4 47. Rc1 $2 (47. f5 Rf1+ 48. Kg2 Rxf5 49. Bh6) 47... Rxc1 48. Bxc1 {[#] KB-KN} Nc5 $1 49. Bd2 {[#]} (49. Be3 $142 Nd7 50. f5) 49... Nb3 $1 {[%cal Rb3d2]} 50. Bb4 Nd4+ 51. Kf2 Nf5 52. Bf8 Ke4 53. Ke2 Kxf4 54. Kd2 Kxe5 55. Kc3 Kd5 56. a4 a6 57. b3 cxb3 58. Kxb3 e5 59. Kc3 e4 60. Kd2 Kd4 61. Ke2 b5 62. axb5 axb5 {[%cal Ba6b5,Bb5b4,Bb4b3][%mdl 32]} 63. Kd2 Kc4 64. Kc2 b4 {Black mates.} 65. Kd2 b3 66. Ba3 e3+ 67. Kd1 Kd3 68. Kc1 e2 69. Bb4 Nxh4 70. Kb2 Nf3 {Precision: White = 31%, Black = 61%.} (70... Kc4 $142 71. Ba5 Nxg6 72. Kc1 h4 73. Kd2 h3 74. Bc7 b2 75. Kxe2 b1=Q 76. Kf3 Qb7+ 77. Ke3 Qxc7 78. Kf2 h2 79. Kg2 Qf4 80. Kh1 Qh4 81. Kg2 h1=Q#) 0-1

[Event "25th Troya Open 2017"]
[Site "Canakkale"]
[Date "2017.08.12"]
[Round "9.7"]
[White "Baltaci, Ismail Tarik"]
[Black "Tasan, Mehmet Askin"]
[Result "1-0"]
[WhiteElo "1946"]
[BlackElo "1957"]
[Annotator "NA"]
[PlyCount "135"]
[EventCountry "TUR"]
[SourceTitle "playchess.com"]
[Source "ChessBase"]
[SourceQuality "1"]
[TimeControl "5400+30"]

{[%evp 10,135,38,24,20,25,58,46,48,41,32767,32767,32767,32767,32767,29,26,32,55,54,74,50,108,84,92,76,143,136,144,138,177,158,176,176,289,294,413,432,477,453,440,447,473,501,464,365,408,400,487,487,509,338,581,510,452,551,443,346,385,429,422,317,277,262,218,206,206,191,224,206,245,227,238,203,218,208,266,327,320,319,474,479,491,496,722,820,727,514,32767,32767,32767,32767,519,533,547,415,426,370,394,329,356,418,32767,32767,32767,32767,32767,32767,32767,32767,711,538,607,591,690,32767,32767,32767,32767,32767,788,847,864,965,862,1011,1846,2132]} 1. e4 {[%emt 0:00:30]} e5 {[%emt 0:01:00]} 2. Nf3 {[%emt 0:00:30]} Nc6 {[%emt 0:00:30]} 3. Bb5 {[%emt 0:00:30]} a6 {[%emt 0:00:30]} 4. Ba4 {[%emt 0:00:30]} Nf6 {[%emt 0:00:30]} 5. O-O {[%emt 0:00:00]} b5 {[%emt 0:00:00]} 6. Bb3 {[%emt 0:00:00]} d6 {[%emt 0:00:00]} 7. c3 {[%emt 0:02:30]} (7. Ng5 $5 {[%cal Rg5f7]} d5 8. exd5 $11) 7... Bg4 {[%emt 0:00:30]} 8. Re1 {[%emt 0:02:30]} Be7 {[%emt 0:00:30]} 9. d3 {[%emt 0:00:30]} O-O {[%emt 0:00:30]} 10. Nbd2 {[%emt 0:00:30]} Qd7 {[%emt 0:00:30]} 11. h3 {[%emt 0:00:30]} Be6 {[%emt 0:00:30]} 12. d4 {[%emt 0:04:30]} Bxb3 {[%emt 0:00:30]} 13. Qxb3 {[%emt 0:04:30] LiveBook: 11 Games} g6 {[%emt 0:02:30] C92: Closed Ruy Lopez: 9...Be6, Karpov and Flohr-Zaitsev Variations} (13... Rfe8 14. a4 Rab8 15. axb5 axb5 16. Nf1 b4 17. d5 Nd8 18. Ra7 Qc8 19. cxb4 c6 20. Bg5 cxd5 21. Rc1 Qe6 22. Bxf6 Qxf6 23. exd5 {1-0 (86) Baramidze,D (2613)-Postny,E (2631) Germany 2014}) 14. Nf1 {[%emt 0:01:30]} Kg7 $146 {[%emt 0:00:30]} ({Predecessor:} 14... Rfc8 15. Bg5 Na5 16. Qd1 Nh5 17. Bh6 exd4 18. cxd4 Nf6 19. b3 d5 20. Ne5 Qd6 21. Nxf7 Kxf7 {1-0 (28) Cilloniz Razzeto,A (2301)-Rouse Pasara,C (2132) ICCF email 2006}) 15. Ng3 {[%emt 0:01:30]} Ng8 {[%emt 0:04:30]} (15... Rfb8 $14) 16. Be3 {[%emt 0:03:30]} Na5 {[%emt 0:02:30]} 17. Qd1 {[%emt 0:03:30]} exd4 {[%emt 0:02:30]} ({Black should play} 17... Nc4) 18. cxd4 {[%emt 0:02:30]} Nc4 {[%emt 0:00:30] [#]} 19. Bc1 $1 {[%emt 0:00:00]} Rad8 {[%emt 0:03:30]} 20. b3 {[%emt 0:03:00]} Nb6 {[%emt 0:01:30]} 21. Bb2 {[%emt 0:03:30]} f6 {[%emt 0:01:30]} (21... d5 $142 22. Ne5 Qc8) 22. d5 {[%emt 0:02:30]} h6 {[%emt 0:00:30]} (22... Kh8 {is a better defense.} 23. Nd4 Ra8) 23. Nd4 {[%emt 0:00:30]} Rde8 {[%emt 0:01:30]} 24. Ne6+ {[%emt 0:03:30]} Kh7 {[%emt 0:00:30]} 25. h4 {[%emt 0:01:30]} Rf7 {[%emt 0:00:30]} 26. h5 {[%emt 0:00:30]} g5 {[%emt 0:01:30]} 27. Qg4 {[%emt 0:01:30]} Bf8 {[%emt 0:02:30]} 28. f4 {[%emt 0:17:30]} c5 {[%emt 0:04:30]} 29. Rf1 {[%emt 0:07:30]} Bg7 {[%emt 0:02:30]} 30. Qf5+ {[%emt 0:10:30]} Kh8 {[%emt 0:00:30]} 31. Qg6 {[%emt 0:00:30]} Rxe6 {[%emt 0:01:30]} 32. dxe6 {[%emt 0:00:30]} Qxe6 {[%emt 0:00:00]} 33. Qf5 {[%emt 0:00:30]} Re7 {[%emt 0:03:00]} 34. Rad1 {[%emt 0:01:30]} Nc8 {[%emt 0:02:30]} 35. Qxe6 {[%emt 0:00:30]} Rxe6 {[%emt 0:00:30]} 36. Rd2 {[%emt 0:02:30]} Kh7 {[%emt 0:00:30]} 37. fxg5 {[%emt 0:01:08]} hxg5 {[%emt 0:00:00]} 38. Re1 {[%emt 0:01:04]} Nge7 {[%emt 0:00:00]} 39. Kf2 {[%emt 0:00:56]} Nc6 {[%emt 0:01:30]} 40. Nf5 {[%emt 0:00:38]} Bf8 {[%emt 0:00:30]} 41. Kf3 {[%emt 0:03:57]} a5 {[%emt 0:05:30]} 42. Red1 {[%emt 0:01:01]} Nd8 {[%emt 0:02:30]} 43. Ne3 {[%emt 0:01:02]} Nf7 {[%emt 0:00:30]} 44. Nd5 {[%emt 0:00:17]} g4+ {[%emt 0:02:30]} 45. Kxg4 {[%emt 0:00:18]} Bg7 {[%emt 0:10:30]} 46. Kf5 {[%emt 0:01:15]} Nd8 {[%emt 0:01:30]} 47. Nxf6+ {[%emt 0:00:55]} Kh8 {[%emt 0:00:30]} 48. Nd5 {[%emt 0:01:07]} Bxb2 {[%emt 0:00:30]} 49. Rxb2 {[%emt 0:00:01]} Re5+ {[%emt 0:00:00]} 50. Kg4 {[%emt 0:00:34]} Rxe4+ {[%emt 0:01:00]} 51. Kf3 {[%emt 0:00:07]} Re8 {[%emt 0:01:30]} 52. Nf4 {[%emt 0:01:13]} Nf7 {[%emt 0:00:30]} 53. Ng6+ {[%emt 0:00:22]} Kg7 {[%emt 0:00:00]} 54. Kf2 {[%emt 0:01:46]} Nb6 {[%emt 0:01:00]} 55. Re2 {[%emt 0:00:11]} Rxe2+ {[%emt 0:00:30]} 56. Kxe2 {[%emt 0:00:02]} d5 {[%emt 0:00:30]} 57. Nf4 {[%emt 0:00:12]} d4 {[%emt 0:06:30]} 58. Ne6+ {[%emt 0:00:05]} Kh6 {[%emt 0:00:00]} 59. Nxc5 {[%emt 0:00:03]} Nd5 {[%emt 0:00:00]} 60. Ne4 {[%emt 0:01:12]} Nf4+ {[%emt 0:01:30]} 61. Kf3 {[%emt 0:00:13]} Ne6 {[%emt 0:00:30]} 62. g4 {[%emt 0:00:48]} Ne5+ {[%emt 0:00:30]} 63. Kg3 {[%emt 0:00:30]} d3 {[%emt 0:00:30]} 64. Nf2 {[%emt 0:00:16]} Kg5 {[%emt 0:00:30]} 65. Re1 {[%emt 0:00:58]} Kf6 {[%emt 0:01:30]} 66. Ne4+ {[%emt 0:01:27]} Ke7 {[%emt 0:00:30]} 67. g5 {[%emt 0:00:28]} Kf8 {[%emt 0:02:30]} 68. Nf2 $18 {[%emt 0:00:34]} 1-0